000 00662nam a22002057a 4500
005 20251108175110.0
008 250721s2012 xx 000 0 ara d
082 1 4 _a616.994/عبد
100 1 _aعبد الوهاب، محمد مصطفى
245 1 0 _aعدو المرأة الصامت : أورام الثدى /
264 1 _aالقاهرة :
_bدار أخبار اليوم،
_c2012.
300 _a103ص.
490 0 _aالسلسلة الطبية : كتاب اليوم
_v325
650 1 7 _aالتشخيص
650 1 7 _aسرطان الثدي
650 1 7 _aالعلاج
700 1 _aعجينة، هالة عادل
942 _2ddc
_cBK
999 _c126124
_d126124